[Event "Défi"]
[Site "www.echecsemail.com"]
[Date "2026.01.14"]
[Round "1"]
[White "Solnic"]
[Black "Katastrofic"]
[WhiteElo "1290"]
[BlackElo "1450"]
[Result "1-0"]
1.e4 e5
2.c4 d6
3.d3 Bf8e7
4.h3 c5
5.Bf1e2 Ng8f6
6.Nb1c3 O-O
7.Nc3b5 a6
8.Nb5c3 Bc8d7
9.Bc1g5 h6
10.Bg5xf6 Be7xf6
11.Nc3d5 Bd7e6
12.Nd5c3 Nb8c6
13.Nc3a4 b5
14.Na4c3 bxc4
15.Qd1a4 Be6d7
16.O-O-O Nc6d4
17.Qa4xc4 Nd4xe2
18.Ng1xe2 Bd7c6
19.Ne2g3 d5
20.exd5 a5
21.dxc6 Qd8d4
22.Qc4xd4 exd4
23.Nc3e4 Ra8c8
24.a4 Rc8xc6
25.f4 Bf6e7
26.Ng3f5 Rf8e8
27.Ne4g3 Be7f6
28.Rh1e1 Re8xe1
29.Rd1xe1 c4
30.Re1e8 Kh7
31.Ng3e4 Rc6c7
32.g4 cxd3
33.Kd2 Rc7c2
34.Kxd3 Rc2xb2
35.Ne4xf6 gxf6
36.Nf5xd4 Rb2b3
37.Nd4xb3 { abandon }1-0

[Event "Eq:les modestes-Les Rois du Succes :"]
[Site "www.echecsemail.com"]
[Date "2026.01.14"]
[Round "1"]
[White "Nick"]
[Black "Levelmax"]
[WhiteElo "2830"]
[BlackElo "2720"]
[Result "1/2-1/2"]
1.d4 d5
2.c4 c6
3.Ng1f3 Ng8f6
4.g3 Bc8f5
5.Nb1c3 e6
6.Nf3h4 dxc4
7.Nh4xf5 exf5
8.e3 Nb8d7
9.Bf1xc4 Nd7b6
10.Bc4b3 Qd8d7
11.f3 h5
12.Bc1d2 h4
13.g4 fxg4
14.fxg4 Qd7xg4
15.Qd1xg4 Nf6xg4
16.Ke2 Ng4f6
17.Ra1f1 Ra8d8
18.Rh1g1 Rd8d7
19.Bd2e1 Nb6d5
20.Rf1f3 a6
21.h3 Nd5c7
22.Rf3f4 Nf6h5
23.Rf4xh4 g6
24.Rh4g4 Nh5g7
25.h4 Bf8e7
26.Be1f2 { nul }1/2-1/2

[Event "Tournoi n27372"]
[Site "www.echecsemail.com"]
[Date "2026.01.14"]
[Round "1"]
[White "Gognol"]
[Black "Zadkine1"]
[WhiteElo "1900"]
[BlackElo "1780"]
[Result "1-0"]
1.e4 e5
2.Ng1f3 Nb8c6
3.c3 d6
4.h3 Bc8e6
5.d3 Bf8e7
6.Bc1e3 Ng8f6
7.Nf3g5 Qd8d7
8.Bf1e2 h5
9.Ng5xe6 Qd7xe6
10.Nb1d2 O-O-O
11.Qd1a4 a6
12.Nd2f3 d5
13.Nf3g5 Qe6d7
14.Ng5xf7 d4
15.Be3d2 Rh8f8
16.Nf7xd8 Be7xd8
17.b4 b5
18.Qa4xa6 Kb8
19.Qa6xb5 Kc8
20.Qb5a6 Kb8
21.b5 Nc6e7
22.Be2d1 Ne7c8
23.Bd1a4 Qd7f7
24.cxd4 exd4
25.O-O h4
26.Rf1c1 Nf6h5
27.f3 Nh5f4
28.Ba4b3 Qf7g6
29.Qa6xg6 Nf4xg6
30.Rc1e1 Bd8f6
31.a4 Bf6e5
32.a5 Nc8d6
33.Bb3a4 Rf8f6
34.a6 Nd6c8
35.Ba4b3 Be5g3
36.Re1b1 Nc8d6
37.a7 Kc8
38.a8Q Kd7
39.Qa8c6 Ke7
40.Qc6xc7 Kf8
41.Ra1a8 Nd6e8
42.Bd2g5 Bg3xc7
43.Bg5xf6 gxf6
44.Rb1c1 Bc7e5
45.Rc1c8 Kg7
46.Rc8xe8 Ng6f4
47.Re8e7 Kg6
48.Ra8g8 Kh5
49.Re7h7 1-0

[Event "Tournoi n27235"]
[Site "www.echecsemail.com"]
[Date "2026.01.14"]
[Round "1"]
[White "Jetjet91330"]
[Black "Ponaparte"]
[WhiteElo "2110"]
[BlackElo "2160"]
[Result "0-1"]
1.d4 Ng8f6
2.Ng1f3 c5
3.d5 b5
4.Bc1g5 g6
5.Bg5xf6 exf6
6.e4 b4
7.c3 Bf8g7
8.Bf1d3 O-O
9.O-O d6
10.h3 Nb8d7
11.Qd1c2 Bc8b7
12.Nb1d2 bxc3
13.bxc3 Qd8c7
14.Ra1b1 Nd7b6
15.Nd2c4 Nb6xc4
16.Bd3xc4 Bb7c8
17.Nf3d2 f5
18.f3 Qc7a5
19.Rb1c1 Bc8d7
20.Bc4b3 Bd7b5
21.Rf1e1 fxe4
22.fxe4 Bg7e5
23.Nd2c4 Bb5xc4
24.Bb3xc4 Ra8b8
25.Bc4e2 Qa5a3
26.Qc2d2 Rb8b2
27.Rc1c2 Rf8b8
28.c4 Qa3g3
29.Re1c1 Be5f4
{ abandon }0-1

[Event "Eq:au plaisir du jeux -Royal Kids :"]
[Site "www.echecsemail.com"]
[Date "2026.01.14"]
[Round "1"]
[White "Marathonman"]
[Black "Kinkin"]
[WhiteElo "2070"]
[BlackElo "2030"]
[Result "1-0"]
1.e4 d6
2.d4 Ng8f6
3.Nb1c3 g6
4.Ng1f3 Bf8g7
5.h3 O-O
6.Bf1c4 e5
7.d5 a6
8.Bc1g5 Nb8d7
9.Qd1d2 c6
10.O-O b5
11.Bc4e2 c5
12.a3 Qd8c7
13.Qd2e3 Nf6h5
14.Be2d1 Nd7b6
15.b3 Bc8d7
16.Kh2 Qc7c8
17.Nf3g1 f6
18.Bg5h6 a5
19.Bd1xh5 gxh5
20.Qe3g3 Rf8f7
21.Bh6xg7 Rf7xg7
22.Qg3h4 Rg7g5
23.Ng1f3 Rg5g7
24.Qh4xh5 Rg7g6
25.Nf3h4 Rg6g5
26.Qh5e2 Qc8e8
27.Nh4f3 Rg5g7
28.Nf3g1 c4
29.f4 cxb3
30.cxb3 b4
31.axb4 axb4
32.Ra1xa8 Nb6xa8
33.Nc3a2 Qe8g6
34.Na2xb4 Bd7b5
35.Qe2f2 Bb5xf1
36.Qf2xf1 Qg6xe4
37.Nb4a2 Na8c7
38.Na2c3 Qe4c2
39.Qf1f3 Qc2xb3
40.Ng1e2 Qb3c2
41.f5 Rg7g5
42.Nc3e4 Rg5g7
43.Ne4xf6 Kf7
44.Nf6e4 Nc7e8
45.Ne2g3 Qc2c1
46.Ng3h5 Rg7g8
47.f6 Qc1h6
48.Qf3f5 Rg8g6
49.Qf5e6 Kf8
50.Qe6e7 Kg8
51.f7 Kh8
52.Qe7xe8 Rg6g8
53.fxg8R 1-0

[Event "Eq:Les Gens du Sud-au plaisir du jeux  :"]
[Site "www.echecsemail.com"]
[Date "2026.01.14"]
[Round "1"]
[White "Emmanuel69"]
[Black "Chessgaston"]
[WhiteElo "1790"]
[BlackElo "2130"]
[Result "0-1"]
1.c4 Ng8f6
2.d4 g6
3.Nb1c3 d5
4.e3 Bf8g7
5.Ng1f3 O-O
6.Bf1e2 e6
7.O-O c6
8.a3 Nb8d7
9.Rf1e1 a5
10.c5 b5
11.cxb6 Nd7xb6
12.b3 Nb6d7
13.Bc1b2 c5
14.Qd1c2 cxd4
15.Nf3xd4 Bc8b7
16.Qc2d2 Ra8c8
17.Re1c1 e5
18.Nd4f3 Nd7c5
19.Qd2d1 Rf8e8
20.Be2b5 Re8e7
21.a4 d4
22.exd4 Bb7xf3
23.gxf3 exd4
24.Nc3e2 Re7c7
25.Bb2xd4 Nf6h5
26.Bd4xg7 Qd8xd1
27.Rc1xd1 Kxg7
28.Bb5c4 Nh5f6
29.Ne2f4 g5
30.Nf4d3 Nf6d7
31.Nd3xc5 Nd7xc5
32.Rd1e1 h6
33.Ra1d1 Nc5xa4
34.bxa4 Rc7xc4
35.Rd1a1 Kf6
36.Re1e4 Kf5
37.Ra1e1 f6
38.Kg2 Rc8c5
39.Kg3 h5
40.h4 Rc4c2
41.hxg5 fxg5
42.Kg2 Rc5d5
43.Re1e2 Rc2xe2
44.Re4xe2 Rd5d4
{ abandon }0-1

[Event "Tournoi n27302"]
[Site "www.echecsemail.com"]
[Date "2026.01.14"]
[Round "1"]
[White "Verson"]
[Black "Caraca2"]
[WhiteElo "1810"]
[BlackElo "1750"]
[Result "1/2-1/2"]
1.d4 d5
2.Ng1f3 Nb8c6
3.e3 Ng8f6
4.c3 Bc8g4
5.Nb1d2 e6
6.Bf1d3 Bf8d6
7.O-O O-O
8.h3 Bg4h5
9.e4 dxe4
10.Nd2xe4 Nf6xe4
11.Bd3xe4 f5
12.Bc1g5 Bh5xf3
13.Be4xf3 Qd8xg5
14.Qd1e2 Ra8e8
15.Rf1e1 e5
16.dxe5 Bd6xe5
17.Qe2c4 Kh8
18.Ra1d1 Qg5f4
19.Qc4xf4 Be5xf4
20.Kf1 h6
21.g3 Nc6a5
22.gxf4 Re8xe1
23.Kxe1 c6
24.b3 c5
25.Rd1d5 b6
26.c4 Kh7
27.Kd2 Na5c6
28.Rd5d6 Nc6d4
29.Bf3d1 Rf8b8
30.Rd6d7 a5
31.Bd1c2 Nd4xc2
32.Kxc2 Kg6
33.Kd2 Kf6
34.h4 Rb8e8
35.h5 Re8e7
36.Rd7xe7 Kxe7
37.Ke3 Kf6
38.Kf3 g6
39.hxg6 Kxg6
40.Kg3 Kh5
{ nul }1/2-1/2

[Event "Coupe Niveau 4"]
[Site "www.echecsemail.com"]
[Date "2026.01.14"]
[Round "1"]
[White "Verson"]
[Black "Carrighir"]
[WhiteElo "1880"]
[BlackElo "2120"]
[Result "0-1"]
1.d4 f5
2.Ng1f3 Ng8f6
3.e3 e6
4.Bf1d3 Bf8e7
5.Nb1d2 d5
6.O-O O-O
7.c4 c6
8.b3 Nf6e4
9.Bc1b2 Nb8d7
10.Nf3e5 Nd7xe5
11.dxe5 Be7c5
12.Bb2d4 Qd8h4
13.Bd3xe4 Bc5xd4
14.exd4 fxe4
15.Qd1e2 Bc8d7
16.f3 exf3
17.Rf1xf3 Qh4xd4
{ abandon }0-1

[Event "Tournoi n27374"]
[Site "www.echecsemail.com"]
[Date "2026.01.14"]
[Round "1"]
[White "Verson"]
[Black "Gognol"]
[WhiteElo "1840"]
[BlackElo "1900"]
[Result "1-0"]
1.d4 d5
2.Ng1f3 Bc8f5
3.e3 a6
4.c4 Ng8f6
5.Bf1d3 Nf6e4
6.Nb1c3 e6
7.O-O Nb8c6
8.a3 b6
9.Bc1d2 Bf8d6
10.Qd1c2 Qd8f6
11.Nc3xe4 dxe4
12.Bd3xe4 O-O
13.Bd2c3 Qf6g6
14.Be4xf5 exf5
15.d5 Nc6e7
16.Bc3e5 Ra8c8
17.b4 c6
18.Be5xd6 Qg6xd6
19.dxc6 Rc8xc6
20.Rf1d1 Qd6f6
21.Ra1c1 g6
22.Qc2d3 Ne7c8
23.Qd3d4 Qf6e7
24.Qd4e5 Rc6e6
25.Qe5f4 Re6c6
26.Rd1d4 b5
27.c5 Nc8b6
28.Rc1d1 Nb6a4
29.Rd4d7 Qe7f6
30.h3 Na4c3
31.Rd1d6 Nc3e2
32.Kh2 Ne2xf4
33.Rd6xf6 Rc6xf6
34.exf4 Rf8e8
35.Nf3e5 h6
36.Kg3 g5
37.Kf3 gxf4
38.Kxf4 Rf6e6
39.Ne5xf7 Re8e7
40.Rd7xe7 Re6xe7
41.Nf7xh6 Kf8
42.Nh6xf5 Re7e6
43.f3 Re6f6
44.g4 Kg8
45.Ke5 { abandon }1-0

[Event "Coupe Niveau 3"]
[Site "www.echecsemail.com"]
[Date "2026.01.14"]
[Round "1"]
[White "Panchoa"]
[Black "Verson"]
[WhiteElo "1600"]
[BlackElo "1880"]
[Result "1-0"]
1.e4 e6
2.Ng1f3 d5
3.e5 c5
4.d4 Nb8c6
5.Bf1b5 Bc8d7
6.O-O a6
7.Bb5xc6 Bd7xc6
8.c3 cxd4
9.cxd4 Ng8e7
10.Bc1g5 Qd8b6
11.b3 Ne7g6
12.Nb1d2 Bf8e7
13.Ra1c1 O-O
14.Bg5xe7 Ng6xe7
15.Qd1c2 Ra8c8
16.Nf3g5 Ne7g6
17.Nd2f3 Bc6d7
18.Qc2d2 h6
19.Ng5h3 Ng6e7
20.Rc1d1 Bd7b5
21.Rf1e1 Rc8c7
22.a4 Bb5d7
23.Re1e3 Rf8c8
24.a5 Qb6b5
25.g3 Rc7c2
26.Qd2e1 Ne7f5
27.Re3d3 Rc2b2
28.Kg2 Rc8c2
29.Nh3f4 Rb2xb3
30.Rd3xb3 Qb5xb3
31.Nf3d2 Qb3a3
32.Nd2b1 Qa3a2
33.Nf4d3 Qa2b3
34.Nd3c5 Qb3b5
35.Nb1a3 Qb5e2
36.Na3xc2 Qe2xc2
37.Nc5xd7 { abandon }1-0

[Event "Défi( 20J+48H/c 20J Max )"]
[Site "www.echecsemail.com"]
[Date "2026.01.14"]
[Round "1"]
[White "Dan84"]
[Black "Berthe"]
[WhiteElo "1580"]
[BlackElo "1800"]
[Result "0-1"]
1.e4 d5
2.e5 Bc8f5
3.d4 e6
4.f3 Nb8c6
5.Bc1e3 Bf8b4
6.Kf2 Ng8e7
7.g4 Bf5g6
8.a3 Bb4a5
9.b4 Ba5b6
10.Nb1c3 Qd8d7
11.Nc3a4 O-O
12.Na4xb6 axb6
13.Qd1d2 f6
14.f4 fxe5
15.dxe5 Nc6xe5
16.Kg3 Ne5xg4
17.Kxg4 e5
18.Kg3 exf4
19.Be3xf4 Ne7f5
20.Kf2 c6
21.Ng1f3 Nf5d6
22.Nf3e5 Nd6e4
23.Ke3 Qd7f5
24.Ne5xg6 hxg6
25.Qd2g2 Qf5xf4
26.Kd3 Qf4e5
27.Bf1e2 Qe5c3
0-1

[Event "Tournoi n27390"]
[Site "www.echecsemail.com"]
[Date "2026.01.14"]
[Round "1"]
[White "Verson"]
[Black "Tiounet"]
[WhiteElo "1870"]
[BlackElo "1620"]
[Result "0-1"]
1.d4 b5
2.Ng1f3 Bc8b7
3.e3 a6
4.Bf1d3 g6
5.Nb1d2 Bf8g7
6.O-O e6
7.e4 Ng8f6
8.c3 O-O
9.Rf1e1 d6
10.Nd2f1 Nb8d7
11.Bc1g5 Qd8c8
12.Qd1d2 Rf8e8
13.h3 c5
14.Ra1c1 cxd4
15.cxd4 Qc8b8
16.Nf1g3 Qb8a7
17.Bg5e3 Nd7b6
18.Rc1c2 Ra8c8
19.Re1c1 Rc8xc2
20.Rc1xc2 Re8c8
21.Rc2xc8 Bb7xc8
22.d5 exd5
23.exd5 Nf6xd5
24.Bd3e4 Nd5xe3
25.fxe3 Qa7b8
26.b3 Bc8e6
27.Nf3d4 d5
28.Be4f3 Qb8xg3
29.Nd4e2 Qg3c7
30.Ne2d4 Qc7d7
31.Qd2c2 Bg7xd4
32.exd4 Qd7c8
33.Qc2xc8 Nb6xc8
34.Kf2 Nc8d6
35.Ke3 Nd6f5
36.Kd3 Nf5h4
37.Ke3 Nh4xf3
38.Kxf3 Kg7
39.h4 h5
40.b4 Kf6
41.Kf4 Be6f5
42.g3 Bf5b1
43.a3 Bb1c2
44.g4 hxg4
45.Kxg4 Bc2d1
{ abandon }0-1

[Event "Tournoi échelle division 1"]
[Site "www.echecsemail.com"]
[Date "2026.01.14"]
[Round "1"]
[White "Domenico"]
[Black "Verson"]
[WhiteElo "1710"]
[BlackElo "1870"]
[Result "0-1"]
1.e4 e6
2.Bf1c4 d5
3.exd5 exd5
4.Bc4e2 Ng8f6
5.d4 Bf8d6
6.Ng1f3 O-O
7.O-O Bc8f5
8.Bc1e3 Nb8d7
9.c3 Rf8e8
10.Nb1d2 Nd7f8
11.b3 c6
12.c4 Nf6e4
13.c5 Bd6c7
14.Ra1c1 Nf8g6
15.Nd2xe4 Bf5xe4
16.Be2d3 Be4xd3
17.Qd1xd3 h6
18.b4 Bc7f4
19.Be3xf4 Ng6xf4
20.Qd3d2 Qd8f6
21.Nf3e5 Qf6g5
22.f3 Nf4h3
23.Kh1 Qg5xd2
24.gxh3 Qd2xd4
25.Ne5g4 Re8e2
26.Rf1g1 Kh7
27.a3 h5
{ abandon }0-1

[Event "Eq:Fair play-LES CHATTERBOX :"]
[Site "www.echecsemail.com"]
[Date "2026.01.14"]
[Round "1"]
[White "Lejardinier"]
[Black "Uji40"]
[WhiteElo "1780"]
[BlackElo "1640"]
[Result "1-0"]
1.d4 d5
2.c4 e6
3.Nb1c3 Bf8b4
4.a3 Bb4xc3
5.bxc3 dxc4
6.e4 e5
7.d5 b5
8.h3 Ng8f6
9.Ng1f3 O-O
10.Qd1c2 Rf8e8
11.Bf1e2 c6
12.Bc1g5 Bc8b7
13.Ra1d1 cxd5
14.Bg5xf6 Qd8xf6
15.exd5 Re8d8
16.Qc2e4 Qf6d6
17.Nf3g5 g6
18.Qe4f3 Qd6xa3
19.Qf3xf7 { abandon }1-0

[Event "Transval 2"]
[Site "www.echecsemail.com"]
[Date "2026.01.14"]
[Round "1"]
[White "Janolapin"]
[Black "Woluwe1975"]
[WhiteElo "1690"]
[BlackElo "1630"]
[Result "0-1"]
1.d4 c5
2.e3 Ng8f6
3.dxc5 e6
4.b4 a5
5.c3 axb4
6.cxb4 Bf8e7
7.Ng1f3 O-O
8.Bf1d3 Rf8e8
9.Bc1a3 Nb8c6
10.Nb1d2 Ra8xa3
{ abandon }0-1

[Event "Tournoi n27386"]
[Site "www.echecsemail.com"]
[Date "2026.01.14"]
[Round "1"]
[White "Geantvert"]
[Black "Odemevol"]
[WhiteElo "1860"]
[BlackElo "1940"]
[Result "0-1"]
1.c4 Ng8f6
2.Nb1c3 g6
3.d4 c6
4.e4 d6
5.f4 Bc8g4
6.Bf1e2 Bg4xe2
7.Qd1xe2 Bf8g7
8.Ng1f3 O-O
9.O-O e5
10.fxe5 dxe5
11.d5 Qd8e7
12.b3 Rf8d8
13.Bc1g5 Nb8d7
14.h3 h6
15.Bg5h4 g5
16.Bh4f2 Qe7b4
17.Bf2e1 Qb4b6
18.Kh2 Qb6a6
19.Nc3d1 cxd5
20.exd5 Nf6xd5
21.Nf3xg5 Nd5f4
22.Qe2g4 hxg5
23.Qg4xg5 Qa6g6
24.Qg5xg6 Nf4xg6
25.Be1c3 Nd7c5
26.Nd1e3 Ng6e7
27.Ra1d1 a5
28.Ne3g4 Ne7c6
29.Rf1e1 Rd8xd1
30.Re1xd1 Nc5e4
31.Bc3b2 Nc6d4
32.Rd1e1 f5
33.Ng4e3 Ra8f8
34.Ne3xf5 Ne4g5
35.Nf5e7 Kf7
36.Bb2xd4 exd4
37.Ne7f5 Bg7f6
38.Nf5d6 Kg6
39.Nd6xb7 Rf8f7
40.Nb7xa5 Rf7a7
41.b4 d3
42.Re1d1 Ra7d7
43.c5 Bf6d8
44.Na5c6 Bd8c7
45.g3 Ng5e4
46.a4 d2
47.Kg2 Ne4c3
{ abandon }0-1

[Event "Défi"]
[Site "www.echecsemail.com"]
[Date "2026.01.14"]
[Round "1"]
[White "Intrigue"]
[Black "Chobi"]
[WhiteElo "1720"]
[BlackElo "1770"]
[Result "1/2-1/2"]
1.c4 e5
2.Nb1c3 Ng8f6
3.e4 a6
4.Ng1f3 Nb8c6
5.d4 exd4
6.Nf3xd4 Nc6xd4
7.Qd1xd4 b6
8.Bf1d3 Bf8c5
9.Qd4e5 Bc5e7
10.O-O O-O
11.Qe5g3 Nf6h5
12.Qg3f3 g6
13.h3 Bc8b7
14.Nc3d5 Bb7xd5
15.exd5 Be7c5
16.Rf1e1 Nh5g7
17.Bc1h6 Bc5d4
18.Ra1b1 Qd8h4
19.Bh6xg7 Bd4xg7
20.Qf3e4 Qh4xe4
21.Re1xe4 Ra8e8
22.b3 Re8xe4
23.Bd3xe4 f5
24.Be4f3 d6
25.g3 Rf8e8
26.Kf1 Bg7d4
27.Rb1e1 Re8xe1
28.Kxe1 Kf7
29.Ke2 a5
30.h4 h6
31.g4 f4
32.Bf3g2 Kf6
33.f3 g5
34.hxg5 hxg5
35.Kd3 Bd4b2
36.Ke4 Bb2a3
{ nul }1/2-1/2

[Event "Eq:Royal Kids-LES CHATTERBOX :"]
[Site "www.echecsemail.com"]
[Date "2026.01.14"]
[Round "1"]
[White "Manulatus"]
[Black "Janolapin"]
[WhiteElo "1880"]
[BlackElo "1690"]
[Result "1-0"]
1.c4 e5
2.Nb1c3 Ng8f6
3.g3 c6
4.Bf1g2 Bf8e7
5.e4 Nb8a6
6.Ng1e2 Na6c5
7.d3 d6
8.O-O O-O
9.b4 Nc5a6
10.a3 Bc8g4
11.Bc1e3 Na6c7
12.f3 Bg4d7
13.h3 Bd7e6
14.f4 exf4
15.Ne2xf4 Rf8e8
16.Nf4xe6 fxe6
17.Ra1a2 Qd8d7
18.Ra2f2 a6
19.Qd1d2 Ra8d8
20.Be3g5 Kh8
21.d4 Re8f8
22.Qd2c2 Nf6g8
23.Qc2d2 Be7xg5
24.Qd2xg5 Rf8xf2
25.Rf1xf2 Rd8e8
26.h4 Ng8f6
27.Bg2h3 Qd7e7
28.e5 dxe5
29.dxe5 Nf6g8
30.Qg5g4 Ng8h6
31.Qg4f3 Kg8
32.Nc3e4 Nh6f7
33.Qf3f4 Re8f8
34.Ne4f6 Kh8
35.Nf6h5 Kg8
36.Qf4g4 g6
37.Nh5f6 Kh8
38.h5 g5
39.Qg4e4 Nf7h6
40.Rf2d2 { abandon }1-0

[Event "Défi"]
[Site "www.echecsemail.com"]
[Date "2026.01.14"]
[Round "1"]
[White "Tartu"]
[Black "Payne42"]
[WhiteElo "1730"]
[BlackElo "1720"]
[Result "1-0"]
1.e4 c5
2.Ng1f3 Nb8c6
3.d4 e6
4.d5 exd5
5.exd5 Qd8e7
6.Bf1e2 Nc6e5
7.Bc1f4 Ne5xf3
8.gxf3 d6
9.Nb1c3 Ng8f6
10.Qd1d3 g6
11.O-O-O Bf8g7
12.Bf4g5 O-O
13.Kb1 Bc8f5
14.Qd3d2 Rf8e8
15.Be2b5 Bf5d7
16.Rd1e1 Qe7d8
17.Bb5xd7 Qd8xd7
18.Bg5h6 Re8xe1
19.Rh1xe1 Ra8e8
20.Bh6xg7 Kxg7
21.a3 a6
22.Nc3e4 Qd7f5
23.Ne4xf6 Qf5xf6
24.Re1xe8 Qf6xf3
25.Qd2c3 Kh6
26.Qc3xf3 { abandon }1-0

[Event "Défi"]
[Site "www.echecsemail.com"]
[Date "2026.01.14"]
[Round "1"]
[White "Pgo"]
[Black "Wenoketo"]
[WhiteElo "1730"]
[BlackElo "1630"]
[Result "0-1"]
1.e4 c6
2.Ng1f3 e6
3.Bf1c4 d5
4.exd5 cxd5
5.Bc4b5 Bc8d7
6.Nb1c3 a6
7.Bb5xd7 Nb8xd7
8.d4 Bf8d6
9.O-O Ng8f6
10.Bc1g5 Bd6e7
11.Rf1e1 h6
12.Bg5h4 O-O
13.a3 Ra8c8
14.Bh4g3 Nd7b6
15.h3 Nb6c4
16.Qd1c1 Be7d6
17.Bg3xd6 Nc4xd6
18.b4 Rc8xc3
19.Re1e3 Rc3xe3
20.fxe3 Nd6e4
21.Nf3e5 Nf6d7
22.Ne5f3 Qd8c7
23.Qc1b2 Nd7b6
24.Qb2b3 Rf8c8
25.Ra1c1 Qc7c4
26.Qb3xc4 Nb6xc4
27.a4 Ne4d6
28.Kf2 Nd6e4
29.Ke2 Ne4g3
30.Kf2 Ng3e4
31.Ke2 Nc4a3
32.Nf3e1 Na3c4
33.Ne1d3 Nc4a3
34.Nd3c5 b6
35.Nc5xe4 dxe4
36.c3 Na3c4
37.Rc1c2 f5
38.g4 g6
39.Kf2 b5
40.a5 Kg7
41.Ke2 Nc4d6
42.Kd2 Kf6
43.gxf5 exf5
44.h4 h5
45.Ke2 g5
46.hxg5 Kxg5
47.Kf2 h4
48.Kg2 Rc8h8
49.Kh3 Nd6c4
50.Rc2e2 Kf6
51.Kh2 Nc4d6
52.Kh3 Nd6f7
53.Re2g2 Nf7g5
54.Kh2 h3
55.Rg2g3 Ng5f3
56.Kh1 h2
57.Rg3g2 Ke6
58.Rg2g6 Kd5
59.Rg6xa6 Rh8g8
60.Ra6b6 Rg8g1
0-1

[Event "CC Jan26 Asc(1/2)"]
[Site "www.echecsemail.com"]
[Date "2026.01.14"]
[Round "1"]
[White "Verson"]
[Black "Luc20"]
[WhiteElo "1870"]
[BlackElo "1810"]
[Result "0-1"]
1.d4 d5
2.Ng1f3 Ng8f6
3.e3 Bc8g4
4.c3 Nb8d7
5.Nb1d2 e5
6.dxe5 Nd7xe5
7.Qd1a4 Bg4d7
8.Qa4f4 Ne5g6
9.Qf4d4 c5
10.Qd4d3 Bf8d6
11.Bf1e2 O-O
12.O-O Qd8c7
13.h3 Rf8e8
14.Rf1e1 a6
15.Nd2f1 b5
16.b3 c4
17.Qd3c2 Nf6e4
18.Nf3d4 Ng6h4
19.f4 Nh4f5
20.Be2g4 Nf5xd4
21.Bg4xd7 Nd4xc2
{ abandon }0-1

[Event "Tournoi échelle division 2"]
[Site "www.echecsemail.com"]
[Date "2026.01.14"]
[Round "1"]
[White "Patau"]
[Black "Chesslife"]
[WhiteElo "1690"]
[BlackElo "1680"]
[Result "1/2-1/2"]
1.e4 c5
2.Ng1f3 Nb8c6
3.g3 e6
4.Bf1g2 Ng8f6
5.d3 Bf8e7
6.O-O O-O
7.Nb1d2 d5
8.exd5 Nf6xd5
9.Nd2e4 Nd5f6
10.Bc1g5 h6
11.Bg5xf6 Be7xf6
12.c3 b6
13.Rf1e1 Bc8b7
14.Ne4xf6 Qd8xf6
15.Qd1e2 Ra8d8
16.Ra1d1 Rf8e8
17.Nf3e5 Nc6xe5
18.Qe2xe5 Qf6xe5
19.Re1xe5 Bb7xg2
20.Kxg2 c4
21.d4 a6
22.d5 exd5
23.Re5xe8 Rd8xe8
24.Kf1 Re8d8
25.Ke2 Kf8
26.Ke3 Ke7
27.Kd4 Ke6
28.Rd1e1 Kf6
29.Re1e5 b5
30.Re5xd5 Rd8xd5
31.Kxd5 Kf5
32.b3 cxb3
33.axb3 g5
34.Kc5 Ke4
35.c4 bxc4
36.Kxc4 Kf3
37.Kb4 Kxf2
38.Ka5 Kg2
39.Kxa6 Kxh2
40.b4 Kxg3
41.b5 f5
42.b6 f4
43.b7 h5
44.b8Q g4
45.Qb8e5 h4
46.Qe5e1 Kh3
47.Qe1f2 f3
48.Qf2f1 Kh2
49.Qf1f2 Kh3
50.Kb5 g3
51.Qf2xf3 Kh2
52.Qf3f4 h3
53.Kc4 Kg2
54.Qf4d2 Kh1
55.Qd2e1 Kh2
56.Kd3 g2
57.Qe1f2 Kh1
58.Qf2f3 Kh2
59.Qf3f2 Kh1
60.Qf2f3 Kh2
{ nul }1/2-1/2

[Event "Défi"]
[Site "www.echecsemail.com"]
[Date "2026.01.14"]
[Round "1"]
[White "Serjo"]
[Black "Lecevenol"]
[WhiteElo "1280"]
[BlackElo "1250"]
[Result "1/2-1/2"]
1.e4 e5
2.Ng1f3 d6
3.Nb1c3 c6
4.h3 f6
5.g3 Ng8h6
6.Bf1g2 g5
7.O-O Bf8g7
8.a3 O-O
9.Kh2 Nb8a6
10.Nf3g1 Bc8e6
11.d3 f5
12.b3 Qd8b6
13.Nc3a4 Qb6c7
14.Na4b2 Qc7f7
15.Bc1xg5 Ra8e8
16.Qd1e1 Qf7c7
17.Qe1c1 Qc7b6
18.Bg5e3 c5
19.Be3xh6 Qb6c7
20.Qc1g5 Re8e7
21.Qg5d2 Bg7xh6
22.Qd2xh6 Be6c8
23.Qh6e3 b6
24.c4 Rf8f7
25.Kh1 Re7e6
26.Nb2d1 Rf7f6
27.Kh2 Kg7
28.Nd1c3 Rf6f7
29.Nc3b5 Qc7b7
30.Nb5c3 Bc8d7
31.Qe3g5 Re6g6
32.Qg5e3 Bd7e6
33.Nc3b5 Qb7e7
34.Nb5c3 Rf7f8
35.Ra1a2 h6
36.Nc3d5 Be6xd5
37.exd5 Qe7g5
38.Qe3xg5 Rg6xg5
39.Ng1f3 Rg5g6
40.Nf3h4 Rg6f6
41.Bg2f3 Rf8f7
42.Bf3h5 Rf7f8
43.Nh4f3 Rf8g8
44.Nf3h4 Kf8
45.Rf1g1 Rg8g5
46.Bh5d1 Kf7
47.Nh4f3 Rg5g6
48.Nf3h4 Rg6g5
49.Ra2d2 f4
50.Nh4f3 Rg5g6
51.Nf3h4 Rg6g7
52.Bd1h5 Ke7
53.Bh5d1 Na6c7
54.f3 Rf6f8
55.g4 Rg7g5
56.Rd2g2 a5
57.Kh1 Nc7a6
58.Kh2 Na6c7
59.a4 Nc7a6
60.Bd1e2 Na6c7
61.Rg2f2 Nc7e8
62.Nh4g2 Rf8g8
63.Ng2e1 Ne8f6
64.h4 Rg5g7
65.Rf2g2 Kf7
66.Kh3 Nf6e8
67.Ne1c2 Ne8c7
68.Nc2a3 Nc7e8
69.Na3b5 Kf6
70.Nb5c3 Ne8c7
71.Nc3e4 Ke7
72.Ne4f2 Nc7e8
73.Nf2e4 Rg7g6
74.h5 Rg6g7
75.Kh4 Ne8f6
76.Ne4xf6 Kxf6
77.Be2d1 Rg7g5
78.Rg2d2 Rg8g7
79.Rd2g2 Rg7g8
80.Bd1e2 Rg8g7
81.Be2d1 Rg7g8
82.Bd1e2 Kf7
83.Be2d1 Kf6
84.Bd1c2 Kf7
85.Bc2b1 Kf6
86.Rg2d2 Kf7
87.Bb1c2 Kf6
88.Rd2g2 Kf7
89.Rg2e2 Kf6
90.Re2g2 Kf7
91.Bc2d1 Kf6
1/2-1/2

[Event "Coupe Niveau 6"]
[Site "www.echecsemail.com"]
[Date "2026.01.14"]
[Round "1"]
[White "Alain64"]
[Black "Domenico"]
[WhiteElo "2060"]
[BlackElo "1760"]
[Result "1-0"]
1.f4 d5
2.Ng1f3 e6
3.e3 Bf8e7
4.b3 Ng8f6
5.Bc1b2 O-O
6.d4 c6
7.Bf1d3 Bc8d7
8.O-O b5
9.c4 bxc4
10.bxc4 dxc4
11.Bd3xc4 a5
12.Nb1c3 c5
13.Kh1 cxd4
14.exd4 Nb8c6
15.Qd1e2 Be7b4
16.Ra1d1 Nf6g4
17.Nf3e5 Nc6xe5
18.dxe5 Qd8h4
19.h3 Ng4h6
20.Rd1xd7 Bb4xc3
21.Bb2xc3 Ra8c8
22.Bc3e1 Qh4xe1
23.Rf1xe1 { abandon }1-0

[Event "Défi( 10J+24H/c 10J Max )"]
[Site "www.echecsemail.com"]
[Date "2026.01.14"]
[Round "1"]
[White "Vb83"]
[Black "Luc20"]
[WhiteElo "1440"]
[BlackElo "1820"]
[Result "0-1"]
1.e4 e6
2.d4 d5
3.exd5 exd5
4.Bf1b5 c6
5.Bb5a4 Ng8f6
6.Nb1c3 Bf8b4
7.Ng1e2 Qd8e7
8.a3 Bb4a5
9.O-O O-O
10.b4 Ba5c7
11.Bc1g5 Bc8g4
12.h3 Bg4h5
13.Qd1d2 Rf8e8
14.Rf1e1 Qe7d6
15.Bg5f4 Qd6d8
16.Bf4xc7 Qd8xc7
17.Ne2f4 Bh5g6
18.Re1xe8 Nf6xe8
19.Ra1e1 Nb8d7
20.Qd2e3 Nd7f6
21.g4 Ne8d6
22.Nf4xg6 hxg6
23.g5 Nf6h5
24.Qe3e5 Ra8e8
25.Qe5xe8 Nd6xe8
26.Re1xe8 Kh7
27.Nc3e2 Qc7d7
28.Re8e3 Qd7f5
29.h4 Nh5f4
30.Ne2g3 Nf4h3
31.Kg2 Qf5xf2
32.Kxh3 Qf2xe3
{ abandon }0-1

[Event "Défi"]
[Site "www.echecsemail.com"]
[Date "2026.01.14"]
[Round "1"]
[White "Wenoketo"]
[Black "Tiounet"]
[WhiteElo "1670"]
[BlackElo "1620"]
[Result "1-0"]
1.d4 b5
2.Ng1f3 Bc8b7
3.Bc1f4 Ng8f6
4.e3 a6
5.Nb1d2 g6
6.Bf1e2 Bf8g7
7.O-O d6
8.a3 O-O
9.Ra1c1 Nb8d7
10.c3 Ra8c8
11.Nd2b3 c5
12.dxc5 Nd7xc5
13.Nb3xc5 Rc8xc5
14.Bf4g3 Nf6h5
15.Nf3d2 Nh5xg3
16.hxg3 Qd8c7
17.f4 e6
18.Kf2 Rc5h5
19.Be2xh5 Qc7c6
20.Bh5f3 Qc6b6
21.Bf3xb7 Qb6xb7
22.Qd1f3 { abandon }1-0

[Event "Défi( 10J+24H/c 10J Max )"]
[Site "www.echecsemail.com"]
[Date "2026.01.14"]
[Round "1"]
[White "Jlr"]
[Black "Ziviol"]
[WhiteElo "1370"]
[BlackElo "1390"]
[Result "0-1"]
1.e4 c6
2.Ng1f3 d5
3.e5 e6
4.d4 Ng8e7
5.Nb1c3 Ne7f5
6.Bc1g5 Bf8e7
7.h4 h6
8.Qd1d2 hxg5
9.g4 Nf5h6
10.hxg5 f6
11.Bf1d3 Nb8a6
12.gxh6 f5
13.g5 gxh6
14.gxh6 Qd8a5
15.Ke2 c5
16.a4 c4
17.Nc3b5 Be7b4
18.c3 Bb4e7
19.h7 cxd3
20.Kxd3 Bc8d7
21.Qd2h6 Bd7xb5
22.Kc2 Bb5xa4
23.b3 Ra8c8
24.Qh6g6 Kd7
25.bxa4 Qa5xc3
26.Kb1 Qc3c2
0-1

[Event "Défi"]
[Site "www.echecsemail.com"]
[Date "2026.01.14"]
[Round "1"]
[White "Den"]
[Black "Rocketman"]
[WhiteElo "1900"]
[BlackElo "2000"]
[Result "1-0"]
1.f4 b6
2.Ng1f3 Bc8b7
3.e3 e6
4.d4 f5
5.Bf1d3 Ng8f6
6.O-O Bf8e7
7.c3 O-O
8.Qd1b3 Nb8c6
9.Nf3e5 Kh8
10.Nb1d2 Qd8e8
11.Qb3d1 d6
12.Ne5f3 Nf6g4
13.Qd1e2 e5
14.fxe5 dxe5
15.dxe5 Be7c5
16.Nd2b3 Qe8h5
17.Nb3xc5 bxc5
18.e6 Nc6e5
19.h3 Bb7xf3
20.Rf1xf3 Ne5xd3
21.Qe2xd3 Ng4e5
22.Qd3d5 Ne5xf3
23.gxf3 Qh5xh3
24.Bc1d2 Rf8d8
25.Qd5c6 Rd8xd2
26.Qc6xa8 { abandon }1-0

[Event "Eq:Avalon-modesty :"]
[Site "www.echecsemail.com"]
[Date "2026.01.14"]
[Round "1"]
[White "Di67"]
[Black "Jetjet91330"]
[WhiteElo "1390"]
[BlackElo "2100"]
[Result "0-1"]
1.e4 e5
2.Ng1f3 Nb8c6
3.Nb1c3 d6
4.Bf1b5 Bc8d7
5.O-O Ng8f6
6.d3 h6
7.h3 a6
8.Bb5a4 b5
9.Ba4b3 Nc6a5
10.Bc1d2 c6
11.Nc3e2 Bf8e7
12.d4 Nf6xe4
13.c3 Ne4xd2
14.Qd1xd2 e4
15.Nf3h2 d5
16.Nh2g4 O-O
17.Ne2f4 Be7g5
18.Bb3c2 Na5c4
19.Qd2c1 Qd8c7
20.g3 Bd7xg4
21.hxg4 f5
22.Nf4e6 Bg5xc1
23.Ne6xc7 Bc1xb2
24.Nc7xa8 Bb2xa1
25.Rf1xa1 Rf8xa8
26.gxf5 Ra8f8
27.g4 Nc4d2
28.Kg2 Nd2f3
29.a4 g6
30.fxg6 Rf8f6
31.Kg3 Kg7
32.axb5 axb5
33.Ra1a7 Kxg6
34.Ra7a8 Nf3g5
35.Ra8g8 Kh7
36.Rg8c8 Rf6f3
37.Kg2 Rf3xc3
38.Bc2d1 Ng5e6
39.Rc8e8 Ne6xd4
40.Re8e7 Kg6
41.Re7d7 b4
42.Rd7d6 Kg5
43.Rd6d7 b3
44.Rd7b7 Nd4b5
45.f3 exf3
46.Bd1xf3 Rc3xf3
47.Kxf3 b2
48.Rb7c7 b1Q
49.Rc7g7 Kf6
50.Rg7g8 Qb1e4
51.Kg3 Nb5d4
52.Rg8f8 Kg7
53.Rf8c8 Qe4f3
54.Kh4 Qf3g2
55.Rc8c7 Kg6
56.Rc7xc6 Nd4xc6
57.g5 hxg5
0-1